000 00392 a2200157 4500
001 75988
020 _a9788508147960
040 _cAnchieta - Colégio São Paulo
100 _aMorino, Eliete Canesi
240 1 0 _aHello! 3
_lpor
245 1 0 _aHello! 3
300 _a159
362 0 _a2011
650 4 _aUso padrão do inglês (linguística prescritiva); Linguística aplicada
942 _cBK
999 _c75988
_d75988